000 01719njm a2200373Ia 4500
001 99509
003 IT-RoPAU
005 20220918181153.0
008 131025s9999 xx 000 0 und d
040 _aIT-RoPAU
040 _cIT-RoPAU
999 _c102349
_d102349
999 _bn.d.
100 _aAA.VV.
_9794
100 _eAutore musica
_927741
100 _gCodice autore musica SPICS: 12000
_9796
245 _aWilliam Tell & Other Favorite Overtures
250 _a1a ed.
260 _aAUSTRIA
260 _bTELARC
_c1986 [1a Ed.:1986]
300 _aCOMPACT DISC
300 _c63 minuti (Testo: 0 pag.)
500 _aMusica classica. Arrangiamento di celebri sinfonie
505 _aLight Cavalry (7:00) - Fra Diavolo (8:00) - Zampa (9:00) - Poet and Peasant (11:00) - Donna Diana (7:00) - Orpheus In the Underworld (7:00) - William Tell (13:00)
511 _aCincinnati Pops Orchestra
650 _aSINFONIE [COMPACT DISC]
_eCodice MATERIA SPICS: 9949
_927742
700 _aKunzel Erich
_gCodice interprete SPICS: 34123
_eInterprete
_927743
700 _aSuppé Franz Von
_gCodice autore musica SPICS: 8215
_eAutore musica
_pLight Cavalry - Poet and Peasant
_927744
700 _aAuber Daniel Francois Esprit
_gCodice autore musica SPICS: 7860
_eAutore musica
_pFra Diavolo
_927745
700 _aHerold Louis
_gCodice autore musica SPICS: 13809
_eAutore musica
_pZampa
_927746
700 _aReznicek Emil Nikolaus Von
_gCodice autore musica SPICS: 13780
_eAutore musica
_pDonna Diana
_927747
700 _aOffenbach Jacques
_gCodice autore musica SPICS: 11045
_eAutore musica
_pOrpheus In the Underworld
_927748
700 _aRossini Gioachino
_gCodice autore musica SPICS: 11125
_eAutore musica
_pWilliam Tell
_927749
942 _cCD
_2ddc